[Event "Caetano Jogos Region op"]
[Site "Caetano"]
[Date "1997.??.??"]
[Round "5"]
[White "Dumont, Sadi Glasser"]
[Black "Watanabe, Roberto Tadashi"]
[Result "0-1"]
[WhiteElo "2290"]
[BlackElo "2380"]
[PlyCount "70"]
[EventDate "1997.??.??"]
[EventType "swiss"]
[EventRounds "7"]
[EventCountry "BRA"]
[SourceTitle "EXT 2001"]
[Source "ChessBase"]
[SourceDate "2000.11.22"]
[SourceVersion "1"]
[SourceVersionDate "2000.11.22"]
[SourceQuality "1"]

1. e4 e6 2. d3 d5 3. Nd2 Nf6 4. Ngf3 Nc6 5. Be2 dxe4 6. dxe4 Bc5 7. 0-0 e5 8. c3 a5 9. Qc2 0-0 10. Nc4 Qe7 11. a4 Nh5 12. Ne3 Nf4 13. Nd5 Nxd5 14. exd5 Nd8 15. Re1 f6 16. Bd3 g6 17. Bh6 Re8 18. Bxg6 hxg6 19. Qxg6+ Kh8 20. Bg7+ Qxg7 21. Qxe8+ Bf8 22. Re4 Bd7 23. Qh5+ Kg8 24. Rae1 Nf7 25. Nh4 Nd6 26. R4e3 Bg4 27. Qxg4 Qxg4 28. Rg3 Qxg3 29. hxg3 Ra6 30. c4 Nxc4 31. Rc1 Nxb2 32. Rxc7 Nxa4 33. Nf5 Nb6 34. d6 a4 35. Rc8 a3 0-1

[Event "Curitiba 300 years op"]
[Site "Curitiba"]
[Date "1993.11.??"]
[Round "7"]
[White "Watanabe, Roberto Tadashi"]
[Black "Dantas, Bianor da Silva"]
[Result "1-0"]
[WhiteElo "2380"]
[BlackElo "2275"]
[PlyCount "73"]
[EventDate "1993.11.16"]
[EventType "swiss"]
[EventRounds "9"]
[EventCountry "BRA"]
[SourceTitle "EXT 2022"]
[Source "ChessBase"]
[SourceDate "2021.10.06"]
[SourceVersion "1"]
[SourceVersionDate "2021.10.06"]
[SourceQuality "1"]

1. e4 e6 2. d4 d5 3. Nc3 Bb4 4. e5 c5 5. a3 Bxc3+ 6. bxc3 Ne7 7. Qg4 Qc7 8. Bd3 c4 9. Be2 Nf5 10. Nf3 Nc6 11. Qf4 h6 12. a4 Qa5 13. Qd2 Bd7 14. Ba3 h5 15. 0-0 f6 16. Rfe1 0-0-0 17. Bf1 h4 18. h3 Rdg8 19. Nh2 fxe5 20. dxe5 Be8 21. Be2 Bh5 22. Bg4 Bg6 23. Nf3 Re8 24. Ng5 d4 25. Qe2 Qxc3 26. Ne4 d3 27. Qf3 Qxc2 28. Bxf5 Bxf5 29. Nd6+ Kc7 30. Nxf5 d2 31. Bd6+ Kc8 32. Re4 Qc1+ 33. Kh2 Qxa1 34. Rxc4 d1Q 35. Rxc6+ Kd7 36. Rc7+ Kd8 37. Rd7+ 1-0

[Event "BRA-chT Inter-Clubes"]
[Site "Caioba"]
[Date "1992.09.??"]
[Round "2"]
[White "Watanabe, Roberto Tadashi"]
[Black "Correa, Aron Antunes"]
[Result "0-1"]
[WhiteElo "2385"]
[BlackElo "2335"]
[PlyCount "106"]
[EventDate "1992.09.04"]
[EventType "team-swiss"]
[EventCountry "BRA"]
[SourceTitle "EXT 2022"]
[Source "ChessBase"]
[SourceDate "2021.10.06"]
[SourceVersion "1"]
[SourceVersionDate "2021.10.06"]
[SourceQuality "1"]
[WhiteTeam "Sao Caetano do Sul CX"]
[BlackTeam "Pinheiros EC"]
[WhiteTeamCountry "BRA"]
[BlackTeamCountry "BRA"]

1. e4 d6 2. d4 Nf6 3. f3 e5 4. dxe5 dxe5 5. Qxd8+ Kxd8 6. Bc4 Ke8 7. Be3 Nbd7 8. Ne2 Bc5 9. Kf2 Ke7 10. Rd1 c6 11. a4 Bxe3+ 12. Kxe3 Nb6 13. Bb3 a5 14. Na3 Be6 15. Bxe6 Kxe6 16. b3 Rhd8 17. Rxd8 Rxd8 18. Rf1 Ne8 19. Nc1 f6 20. Nd3 Ke7 21. c4 Nd7 22. c5 Nc7 23. Nc4 Ne6 24. Nxa5 Ndxc5 25. Nxc5 Nxc5 26. b4 Nxa4 27. Nxb7 Rd4 28. Na5 Kd7 29. Rc1 Rxb4 30. Rxc6 Rb2 31. g3 Rxh2 32. Ra6 Rc2 33. Ra8 Rc3+ 34. Kf2 Rc8 35. Ra7+ Rc7 36. Ra8 Nc3 37. Nb3 Nb5 38. Rb8 Rc2+ 39. Ke1 Nd6 40. Ra8 Rc3 41. Ra7+ Ke8 42. Nd2 Kf8 43. Ke2 Nb5 44. Ra2 h5 45. Kf2 g5 46. Nf1 Nd4 47. Ne3 Rb3 48. Nd5 Rxf3+ 49. Kg2 h4 50. gxh4 gxh4 51. Ra7 h3+ 52. Kh2 Ne6 53. Ne7 Ng5 0-1

[Event "Wch U20"]
[Site "Buenos Aires"]
[Date "1992.??.??"]
[Round "?"]
[White "Ciemniak, Robert"]
[Black "Watanabe, Roberto Tadashi"]
[Result "1-0"]
[WhiteElo "2415"]
[BlackElo "2380"]
[PlyCount "91"]
[EventDate "1992.10.??"]
[EventType "swiss"]
[EventRounds "13"]
[EventCountry "ARG"]
[SourceTitle "EXT 1997"]
[Source "ChessBase"]
[SourceDate "1996.11.15"]
[SourceVersion "1"]
[SourceVersionDate "1996.11.15"]
[SourceQuality "1"]

1. e4 e5 2. Nf3 Nc6 3. Bb5 a6 4. Ba4 Nf6 5. 0-0 Be7 6. Re1 b5 7. Bb3 d6 8. c3 0-0 9. d4 Bg4 10. d5 Na5 11. Bc2 c6 12. h3 Bxf3 13. Qxf3 cxd5 14. exd5 Rc8 15. Nd2 g6 16. b4 Nc4 17. Nxc4 Rxc4 18. a4 Qb8 19. axb5 axb5 20. Bd2 Rc7 21. Bd3 Qb7 22. Ra5 Qxd5 23. Qe2 e4 24. Bxb5 Qe5 25. c4 d5 26. c5 Nh5 27. Qe3 Rd8 28. Ra6 f5 29. Qb3 Kh8 30. Rea1 f4 31. Ra8 Rcc8 32. R8a7 Bf6 33. R1a6 Rf8 34. Rd6 e3 35. Be1 d4 36. Rd5 Qb8 37. Rdd7 Ng7 38. Bd3 Rxc5 39. Qb1 Rg5 40. h4 Rh5 41. f3 Qe8 42. Qc2 g5 43. hxg5 Rxg5 44. Bh4 Qh5 45. Bxg5 Qxg5 46. Qc5 1-0

[Event "Wch U20"]
[Site "Buenos Aires"]
[Date "1992.??.??"]
[Round "?"]
[White "Rodriguez Vila, Andres"]
[Black "Watanabe, Roberto Tadashi"]
[Result "0-1"]
[WhiteElo "2350"]
[BlackElo "2380"]
[PlyCount "144"]
[EventDate "1992.10.??"]
[EventType "swiss"]
[EventRounds "13"]
[EventCountry "ARG"]
[SourceTitle "EXT 1997"]
[Source "ChessBase"]
[SourceDate "1996.11.15"]
[SourceVersion "1"]
[SourceVersionDate "1996.11.15"]
[SourceQuality "1"]

1. e4 e6 2. d4 d5 3. Nc3 Bb4 4. e5 c5 5. a3 Bxc3+ 6. bxc3 Qc7 7. Nf3 Ne7 8. a4 Nbc6 9. Bb5 Bd7 10. 0-0 Na5 11. Qe2 a6 12. Bxd7+ Qxd7 13. dxc5 0-0 14. Nd4 Rac8 15. f4 Nc4 16. g4 Nc6 17. Be3 f6 18. exf6 Rxf6 19. Rae1 Re8 20. g5 Rff8 21. Qg4 Nxd4 22. Bxd4 Nd2 23. Rf2 Ne4 24. Rf3 Qxa4 25. Rh3 e5 26. fxe5 Nf2 27. Qh4 Nxh3+ 28. Qxh3 Qxc2 29. Qd7 Qd2 30. Rb1 Qxg5+ 31. Kh1 Re7 32. Qxd5+ Kh8 33. Qe4 h6 34. c6 bxc6 35. Qxc6 Qf5 36. Ra1 Re6 37. Qg2 Qf3 38. Bc5 Qxc3 39. Rg1 Rf7 40. Bd6 a5 41. Qd5 Qf3+ 42. Qxf3 Rxf3 43. Rg4 Rf7 44. Ra4 Rg6 45. h4 Ra7 46. Re4 Ra6 47. Rd4 a4 48. h5 Re6 49. Rd2 Ra5 50. Ra2 Rexe5 51. Bxe5 Rxe5 52. Rxa4 Rxh5+ 53. Kg2 Rf5 54. Ra6 Kh7 55. Rb6 Rf6 56. Rb4 g5 57. Ra4 Kg6 58. Rb4 Kh5 59. Kg3 Ra6 60. Rb3 Kg6 61. Rc3 h5 62. Rb3 h4+ 63. Kh3 Kh5 64. Rb4 g4+ 65. Kg2 Ra2+ 66. Kg1 g3 67. Kh1 Rf2 68. Rb8 Kg4 69. Rb4+ Rf4 70. Rb8 Ra4 71. Rb1 h3 72. Rc1 h2 0-1

[Event "Wch U20"]
[Site "Buenos Aires"]
[Date "1992.??.??"]
[Round "?"]
[White "Tratar, Marko"]
[Black "Watanabe, Roberto Tadashi"]
[Result "0-1"]
[WhiteElo "2290"]
[BlackElo "2380"]
[PlyCount "62"]
[EventDate "1992.10.??"]
[EventType "swiss"]
[EventRounds "13"]
[EventCountry "ARG"]
[SourceTitle "EXT 1997"]
[Source "ChessBase"]
[SourceDate "1996.11.15"]
[SourceVersion "1"]
[SourceVersionDate "1996.11.15"]
[SourceQuality "1"]

1. d4 d5 2. c4 Nc6 3. Nc3 dxc4 4. d5 Ne5 5. Bf4 Ng6 6. Bg3 e5 7. e4 h5 8. h4 Bd6 9. Bxc4 a6 10. Be2 Nf6 11. Nf3 Bd7 12. Nd2 Nf4 13. Nc4 Qe7 14. Bxf4 exf4 15. Nxd6+ Qxd6 16. Qd2 0-0 17. 0-0-0 b5 18. Qd4 Rfe8 19. Bf3 b4 20. Ne2 Bb5 21. Rhe1 Rad8 22. Kb1 a5 23. e5 Rxe5 24. Nxf4 Rde8 25. Rxe5 Rxe5 26. b3 a4 27. bxa4 Bxa4 28. Rc1 Bd7 29. Qc5 Bf5+ 30. Ka1 Re1 31. Kb2 Qxc5 0-1

[Event "Wch U20"]
[Site "Buenos Aires"]
[Date "1992.??.??"]
[Round "?"]
[White "Watanabe, Roberto Tadashi"]
[Black "Littke, Adam"]
[Result "1-0"]
[WhiteElo "2380"]
[BlackElo "2270"]
[PlyCount "61"]
[EventDate "1992.10.??"]
[EventType "swiss"]
[EventRounds "13"]
[EventCountry "ARG"]
[SourceTitle "EXT 1997"]
[Source "ChessBase"]
[SourceDate "1996.11.15"]
[SourceVersion "1"]
[SourceVersionDate "1996.11.15"]
[SourceQuality "1"]

1. e4 c5 2. Nf3 d6 3. c3 Nf6 4. Be2 Nc6 5. d4 cxd4 6. cxd4 g6 7. Nc3 Bg7 8. h3 0-0 9. 0-0 d5 10. e5 Ne4 11. Bd3 Nxc3 12. bxc3 f6 13. exf6 Rxf6 14. Bg5 Rf7 15. Bh4 Bf6 16. Bg3 Be6 17. Qd2 Qc8 18. Ng5 Bxg5 19. Qxg5 Bf5 20. Bb5 a6 21. Bxc6 Qxc6 22. Be5 Raf8 23. f3 e6 24. Qd2 Qb5 25. Rad1 a5 26. Rfe1 Qa4 27. Re2 g5 28. Qxg5+ Bg6 29. Rde1 Qc4 30. Bd6 Re8 31. Rxe6 1-0

[Event "WchT U26 08th"]
[Site "Maringa"]
[Date "1991.09.09"]
[Round "8"]
[White "Hakulinen, Esko Matti"]
[Black "Watanabe, Roberto Tadashi"]
[Result "0-1"]
[WhiteElo "2330"]
[BlackElo "2325"]
[PlyCount "42"]
[EventDate "1991.09.01"]
[EventType "team-swiss"]
[EventRounds "9"]
[EventCountry "BRA"]
[SourceTitle "EXT 2020"]
[Source "ChessBase"]
[SourceDate "2019.10.17"]
[SourceVersion "1"]
[SourceVersionDate "2019.10.17"]
[SourceQuality "1"]
[WhiteTeam "Finland"]
[BlackTeam "Brazil"]
[WhiteTeamCountry "FIN"]
[BlackTeamCountry "BRA"]

1. Nf3 Nf6 2. c4 g6 3. Nc3 Bg7 4. e4 d6 5. d4 0-0 6. Be2 e5 7. 0-0 Nc6 8. Be3 Re8 9. dxe5 dxe5 10. h3 Be6 11. c5 Nh5 12. Nd5 Nd4 13. Nxd4 exd4 14. Bxd4 Bxd4 15. Qxd4 Bxd5 16. Bxh5 Rxe4 17. Qc3 gxh5 18. Rad1 Re6 19. f4 c6 20. f5 Re2 21. Rf3 Qg5 0-1

[Event "WchT U26 08th"]
[Site "Maringa"]
[Date "1991.09.08"]
[Round "7"]
[White "Costa, Jean Luc"]
[Black "Watanabe, Roberto Tadashi"]
[Result "1-0"]
[WhiteElo "2410"]
[BlackElo "2325"]
[PlyCount "61"]
[EventDate "1991.09.01"]
[EventType "team-swiss"]
[EventRounds "9"]
[EventCountry "BRA"]
[SourceTitle "EXT 2020"]
[Source "ChessBase"]
[SourceDate "2019.10.17"]
[SourceVersion "1"]
[SourceVersionDate "2019.10.17"]
[SourceQuality "1"]
[WhiteTeam "Switzerland"]
[BlackTeam "Brazil"]
[WhiteTeamCountry "SUI"]
[BlackTeamCountry "BRA"]

1. d4 Nf6 2. c4 g6 3. Nc3 Bg7 4. e4 d6 5. h3 0-0 6. Nf3 e5 7. d5 Na6 8. Bg5 h6 9. Be3 Nh5 10. Qd2 Kh7 11. 0-0-0 f5 12. exf5 gxf5 13. g4 Nf4 14. Bxf4 exf4 15. Bd3 Nc5 16. Bc2 Kg8 17. Rhg1 b5 18. gxf5 bxc4 19. Rg6 Bxf5 20. Bxf5 Rxf5 21. Qd4 Rf6 22. Rdg1 Rxg6 23. Rxg6 Qf8 24. Qxc4 Qf5 25. Rg1 Rb8 26. Nd4 Qh7 27. Ne6 Nd3+ 28. Kb1 Nxb2+ 29. Qe4 Na4+ 30. Kc2 Rb2+ 31. Kc1 1-0

[Event "WchT U26 08th"]
[Site "Maringa"]
[Date "1991.09.05"]
[Round "5"]
[White "Watanabe, Roberto Tadashi"]
[Black "Rodriguez Vila, Andres"]
[Result "1-0"]
[WhiteElo "2325"]
[BlackElo "2350"]
[PlyCount "82"]
[EventDate "1991.09.01"]
[EventType "team-swiss"]
[EventRounds "9"]
[EventCountry "BRA"]
[SourceTitle "EXT 2020"]
[Source "ChessBase"]
[SourceDate "2019.10.17"]
[SourceVersion "1"]
[SourceVersionDate "2019.10.17"]
[SourceQuality "1"]
[WhiteTeam "Brazil"]
[BlackTeam "Uruguay"]
[WhiteTeamCountry "BRA"]
[BlackTeamCountry "URU"]

1. e4 e6 2. d4 d5 3. e5 c5 4. c3 Nc6 5. Nf3 Bd7 6. Be2 f6 7. 0-0 fxe5 8. dxe5 Qc7 9. c4 Nge7 10. Nc3 Nxe5 11. cxd5 exd5 12. Nxd5 Nxd5 13. Qxd5 Ng6 14. Ng5 0-0-0 15. Nf7 Re8 16. Nxh8 Bd6 17. Qh5 Nxh8 18. Bg4 g6 19. Bxd7+ Qxd7 20. Qh4 Re5 21. Qc4 Qe8 22. Qg4+ Rf5 23. Be3 Qe5 24. g3 Nf7 25. b4 Qe8 26. Kg2 Qe6 27. Qe2 Ng5 28. f3 Re5 29. Rae1 c4 30. a3 Bc7 31. Qf2 Nh3 32. Qd2 Rd5 33. Qc2 Re5 34. Qc3 Rh5 35. Qh8+ Kd7 36. Qg7+ Kc6 37. b5+ Rxb5 38. Bb6 Be5 39. Qc7+ Bxc7 40. Rxe6+ Kd7 41. Bxc7 Ng5 1-0

[Event "WchT U26 08th"]
[Site "Maringa"]
[Date "1991.09.04"]
[Round "4"]
[White "Watanabe, Roberto Tadashi"]
[Black "David, Alberto"]
[Result "1/2-1/2"]
[WhiteElo "2325"]
[BlackElo "2315"]
[PlyCount "92"]
[EventDate "1991.09.01"]
[EventType "team-swiss"]
[EventRounds "9"]
[EventCountry "BRA"]
[SourceTitle "EXT 2020"]
[Source "ChessBase"]
[SourceDate "2019.10.17"]
[SourceVersion "1"]
[SourceVersionDate "2019.10.17"]
[SourceQuality "1"]
[WhiteTeam "Brazil"]
[BlackTeam "Luxembourg"]
[WhiteTeamCountry "BRA"]
[BlackTeamCountry "LUX"]

1. e4 e5 2. Nf3 Nc6 3. Bb5 a6 4. Bxc6 dxc6 5. 0-0 Bg4 6. h3 h5 7. d3 Qf6 8. Nbd2 Ne7 9. Re1 Ng6 10. d4 Bd6 11. hxg4 hxg4 12. Nh2 Rxh2 13. Qxg4 Qh4 14. Qxh4 Rxh4 15. Nf3 Rh5 16. dxe5 Nxe5 17. Nxe5 Bxe5 18. c3 0-0-0 19. Be3 Bh2+ 20. Kf1 Bd6 21. Rad1 Re8 22. f3 f5 23. Bg1 Rh1 24. Kf2 fxe4 25. fxe4 Rh4 26. g3 Rg4 27. Rd3 Rgxe4 28. Rxe4 Rxe4 29. Kf3 Re1 30. Bd4 g6 31. Re3 Rb1 32. c4 c5 33. Bg7 Kd7 34. Kg4 Rc1 35. b3 b5 36. Rc3 Rg1 37. Bh6 Rg2 38. a4 Be5 39. Rd3+ Kc6 40. axb5+ axb5 41. Re3 Bd6 42. Bg7 Rc2 43. Rc3 Re2 44. Kg5 Re4 45. Bf6 Kb6 46. Kxg6 Rg4+ 1/2-1/2

[Event "Buenos Aires TB IV"]
[Site "Buenos Aires"]
[Date "1991.??.??"]
[Round "?"]
[White "Del Rey, Diego"]
[Black "Watanabe, Roberto Tadashi"]
[Result "1/2-1/2"]
[WhiteElo "2225"]
[BlackElo "2275"]
[PlyCount "28"]
[EventDate "1991.??.??"]
[EventType "tourn"]
[EventRounds "11"]
[EventCountry "ARG"]
[SourceTitle "EXT 2004"]
[Source "ChessBase"]
[SourceDate "2003.11.25"]
[SourceVersion "1"]
[SourceVersionDate "2003.11.25"]
[SourceQuality "1"]

1. d4 Nf6 2. Nf3 g6 3. c4 Bg7 4. Nc3 0-0 5. Bg5 d6 6. e3 c5 7. Be2 h6 8. Bh4 cxd4 9. Nxd4 Nc6 10. 0-0 Bd7 11. Qd2 a6 12. Rac1 Nxd4 13. exd4 b5 14. a3 bxc4 1/2-1/2

[Event "Pan American-ch U20"]
[Site "Bariloche"]
[Date "1991.??.??"]
[Round "4"]
[White "Estrada Nieto, Julian"]
[Black "Watanabe, Roberto Tadashi"]
[Result "0-1"]
[WhiteElo "2260"]
[BlackElo "2275"]
[PlyCount "106"]
[EventDate "1991.??.??"]
[EventType "tourn"]
[EventRounds "15"]
[EventCountry "ARG"]
[EventCategory "1"]
[SourceTitle "EXT 1997"]
[Source "ChessBase"]
[SourceDate "1996.11.15"]
[SourceVersion "1"]
[SourceVersionDate "1996.11.15"]
[SourceQuality "1"]

1. e4 e6 2. d4 d5 3. Nd2 Nf6 4. e5 Nfd7 5. f4 c5 6. c3 Nc6 7. Ndf3 Qb6 8. h4 cxd4 9. cxd4 Bb4+ 10. Kf2 f6 11. Be3 fxe5 12. fxe5 0-0 13. a3 Be7 14. b4 Qd8 15. Bd3 Ndxe5 16. dxe5 Nxe5 17. Ke2 Ng4 18. Qc2 h6 19. Nh3 e5 20. Bh7+ Kh8 21. Nhg5 e4 22. Bd4 exf3+ 23. gxf3 Bf6 24. Bc5 Ne5 25. Bg8 g6 26. Bxf8 Bf5 27. Qd2 Qxf8 28. Bxd5 Kg7 29. Ne4 Nxf3 30. Kxf3 Bxa1 31. Rxa1 Bxe4+ 32. Kxe4 Qf5+ 33. Kd4 Qf6+ 34. Kc4 Rc8+ 35. Kb3 Qxa1 36. Bxb7 Rc7 37. Be4 Qe5 38. Qg2 Rc3+ 39. Ka2 Qe6+ 40. Bd5 Qf6 41. Be4 Qe6+ 42. Bd5 Qe3 43. Qb2 Qc1 44. b5 Qxb2+ 45. Kxb2 Rc5 46. Bc6 Kf6 47. Kb3 Ke5 48. Be8 g5 49. hxg5 hxg5 50. a4 g4 51. Bd7 g3 52. Bh3 Kd6 53. Bg2 Rf5 0-1

[Event "Buenos Aires TB IV"]
[Site "Buenos Aires"]
[Date "1991.??.??"]
[Round "?"]
[White "Filgueira, Hernan"]
[Black "Watanabe, Roberto Tadashi"]
[Result "1/2-1/2"]
[WhiteElo "2290"]
[BlackElo "2275"]
[PlyCount "33"]
[EventDate "1991.??.??"]
[EventType "tourn"]
[EventRounds "11"]
[EventCountry "ARG"]
[SourceTitle "EXT 2004"]
[Source "ChessBase"]
[SourceDate "2003.11.25"]
[SourceVersion "1"]
[SourceVersionDate "2003.11.25"]
[SourceQuality "1"]

1. d4 Nf6 2. c4 g6 3. Nc3 Bg7 4. e4 0-0 5. f3 d6 6. Be3 e5 7. Nge2 c6 8. Qd2 exd4 9. Nxd4 Re8 10. Be2 d5 11. exd5 cxd5 12. 0-0 dxc4 13. Rad1 a6 14. Bxc4 b5 15. Bb3 Bb7 16. Qf2 Nbd7 17. Rfe1 1/2-1/2

[Event "Pan American-ch U20"]
[Site "Bariloche"]
[Date "1991.??.??"]
[Round "6"]
[White "Minero Pineda, Sergio"]
[Black "Watanabe, Roberto Tadashi"]
[Result "1-0"]
[WhiteElo "2360"]
[BlackElo "2275"]
[PlyCount "97"]
[EventDate "1991.??.??"]
[EventType "tourn"]
[EventRounds "15"]
[EventCountry "ARG"]
[EventCategory "1"]
[SourceTitle "EXT 1997"]
[Source "ChessBase"]
[SourceDate "1996.11.15"]
[SourceVersion "1"]
[SourceVersionDate "1996.11.15"]
[SourceQuality "1"]

1. d4 Nf6 2. Nc3 g6 3. e4 d6 4. Be2 Bg7 5. h4 c5 6. dxc5 Qa5 7. Qd3 Qxc5 8. Be3 Qa5 9. h5 gxh5 10. Nh3 Nc6 11. 0-0-0 Bg4 12. Nf4 Rc8 13. a3 a6 14. f3 Be6 15. Ncd5 Ne5 16. Qb3 Nxd5 17. Nxe6 Nxe3 18. Nxg7+ Kf8 19. Qxe3 Kxg7 20. Qg5+ Kf8 21. Qh6+ Ke8 22. Rxh5 Qc5 23. c3 Qf2 24. Rd2 Qe1+ 25. Kc2 Ng6 26. Qg7 Qg3 27. e5 dxe5 28. Rxh7 Rf8 29. Bd3 Rd8 30. Rh6 Rd6 31. c4 Qf4 32. c5 Rd4 33. Rh1 Kd7 34. Rhd1 Rc8 35. b4 Kc7 36. Bxg6 Rxd2+ 37. Rxd2 Qc4+ 38. Kb2 fxg6 39. Qxe7+ Kb8 40. Qxe5+ Ka8 41. Qd4 Qf1 42. Qd7 Rc6 43. Qe8+ Ka7 44. Qe3 a5 45. Qe2 Qh1 46. Qe3 Qf1 47. Qd3 Qh1 48. Qd4 Qf1 49. Rc2 1-0

[Event "BRA-ch m"]
[Site "Brazil"]
[Date "1991.??.??"]
[Round "6"]
[White "Watanabe, Roberto Tadashi"]
[Black "Braga, Cicero Nogueira"]
[Result "1-0"]
[WhiteElo "2325"]
[BlackElo "2355"]
[PlyCount "73"]
[EventDate "1991.??.??"]
[EventType "k.o."]
[EventRounds "8"]
[EventCountry "BRA"]
[SourceTitle "EXT 1997"]
[Source "ChessBase"]
[SourceDate "1996.11.15"]
[SourceVersion "1"]
[SourceVersionDate "1996.11.15"]
[SourceQuality "1"]

1. e4 c5 2. Nf3 e6 3. d4 cxd4 4. Nxd4 a6 5. c4 Nf6 6. Nc3 Qc7 7. a3 Nxe4 8. Nxe4 Qe5 9. Bd3 Qxd4 10. 0-0 Nc6 11. Be3 Qe5 12. f4 Qc7 13. f5 d6 14. Rc1 Ne5 15. Bb1 Be7 16. f6 gxf6 17. Nxf6+ Bxf6 18. Rxf6 Bd7 19. c5 dxc5 20. Bf4 Bc6 21. Qh5 Rg8 22. g3 Nf3+ 23. Qxf3 Qd8 24. Rxe6+ fxe6 25. Qh5+ Rg6 26. Qxh7 Qd4+ 27. Kf1 Bb5+ 28. Kg2 Bc6+ 29. Kh3 Rg7 30. Qh5+ Kf8 31. Be5 Bg2+ 32. Kxg2 Qd2+ 33. Kh3 Qxc1 34. Qh8+ Rg8 35. Qf6+ Ke8 36. Qxe6+ Kd8 37. Qxg8+ 1-0

[Event "Buenos Aires TB IV"]
[Site "Buenos Aires"]
[Date "1991.??.??"]
[Round "?"]
[White "Watanabe, Roberto Tadashi"]
[Black "Fraschini, Mariano"]
[Result "1/2-1/2"]
[WhiteElo "2275"]
[BlackElo "2350"]
[PlyCount "23"]
[EventDate "1991.??.??"]
[EventType "tourn"]
[EventRounds "11"]
[EventCountry "ARG"]
[SourceTitle "EXT 2004"]
[Source "ChessBase"]
[SourceDate "2003.11.25"]
[SourceVersion "1"]
[SourceVersionDate "2003.11.25"]
[SourceQuality "1"]

1. d4 d5 2. Nf3 c6 3. c4 Nf6 4. cxd5 cxd5 5. Nc3 Nc6 6. Bf4 Bg4 7. e3 e6 8. Be2 Be7 9. 0-0 0-0 10. Ne5 Bxe2 11. Qxe2 Nxe5 12. Bxe5 1/2-1/2

[Event "BRA-ch m"]
[Site "Brazil"]
[Date "1991.??.??"]
[Round "1"]
[White "Watanabe, Roberto Tadashi"]
[Black "Resende, Antonio Carlos"]
[Result "1/2-1/2"]
[WhiteElo "2325"]
[BlackElo "2330"]
[PlyCount "42"]
[EventDate "1991.??.??"]
[EventType "k.o."]
[EventRounds "8"]
[EventCountry "BRA"]
[SourceTitle "EXT 1997"]
[Source "ChessBase"]
[SourceDate "1996.11.15"]
[SourceVersion "1"]
[SourceVersionDate "1996.11.15"]
[SourceQuality "1"]

1. d4 g6 2. e4 Bg7 3. f4 d6 4. Nf3 Nf6 5. Nc3 c5 6. Bb5+ Bd7 7. e5 Ng4 8. e6 Bxb5 9. exf7+ Kd7 10. Nxb5 Qa5+ 11. Nc3 cxd4 12. Nxd4 Bxd4 13. Qxg4+ Qf5 14. Qxf5+ gxf5 15. Bd2 Nc6 16. 0-0-0 Raf8 17. Ne2 Bf6 18. Bc3 Rxf7 19. Bxf6 Rxf6 20. Ng1 Re6 21. Nf3 Re2 1/2-1/2

[Event "Pan American-ch U20"]
[Site "Bariloche"]
[Date "1991.??.??"]
[Round "7"]
[White "Watanabe, Roberto Tadashi"]
[Black "Scarella, Enrique Alejandro"]
[Result "1/2-1/2"]
[WhiteElo "2275"]
[BlackElo "2245"]
[PlyCount "44"]
[EventDate "1991.??.??"]
[EventType "tourn"]
[EventRounds "15"]
[EventCountry "ARG"]
[EventCategory "1"]
[SourceTitle "EXT 1997"]
[Source "ChessBase"]
[SourceDate "1996.11.15"]
[SourceVersion "1"]
[SourceVersionDate "1996.11.15"]
[SourceQuality "1"]

1. e4 d6 2. d4 Nf6 3. Nc3 e5 4. Nf3 Nbd7 5. Bc4 Be7 6. 0-0 0-0 7. Re1 c6 8. a4 a5 9. Ba2 exd4 10. Nxd4 Nc5 11. Qf3 Nfd7 12. Nf5 Ne5 13. Nxe7+ Qxe7 14. Qg3 Be6 15. f4 Ned7 16. Nd5 cxd5 17. exd5 Qf6 18. dxe6 fxe6 19. Bd2 d5 20. Bc3 Qh6 21. Rad1 Rf7 22. Bd2 Qf6 1/2-1/2

[Event "BRA-ch 57th"]
[Site "Porto Alegre"]
[Date "1990.??.??"]
[Round "5"]
[White "Correa, Aron Antunes"]
[Black "Watanabe, Roberto Tadashi"]
[Result "0-1"]
[WhiteElo "2355"]
[BlackElo "2255"]
[PlyCount "72"]
[EventDate "1990.10.05"]
[EventType "tourn"]
[EventRounds "11"]
[EventCountry "BRA"]
[EventCategory "2"]
[SourceTitle "EXT 2002"]
[Source "ChessBase"]
[SourceDate "2001.11.25"]
[SourceVersion "1"]
[SourceVersionDate "2001.11.25"]
[SourceQuality "1"]

1. c4 g6 2. g3 Bg7 3. Bg2 Nf6 4. Nc3 0-0 5. Nf3 c6 6. 0-0 d5 7. cxd5 cxd5 8. d4 Nc6 9. Ne5 e6 10. f4 Nd7 11. Be3 f6 12. Nxc6 bxc6 13. Bf2 Rb8 14. Na4 Ba6 15. Rc1 Bb5 16. Nc5 Nxc5 17. Rxc5 Rf7 18. b3 Bf8 19. Rc2 Ba3 20. Be3 Qb6 21. Bc1 Bf8 22. Be3 a5 23. Qb1 Ra7 24. h4 a4 25. h5 axb3 26. axb3 f5 27. Kf2 Bc4 28. hxg6 hxg6 29. Rfc1 Qa6 30. Rc3 Rab7 31. Rh1 Rxb3 32. Rxb3 Rxb3 33. Qg1 Bxe2 34. Bf3 Qd3 35. Bc1 Qxf3+ 36. Ke1 Bb4+ 0-1

[Event "BRA-ch 57th"]
[Site "Porto Alegre"]
[Date "1990.??.??"]
[Round "3"]
[White "Tsuboi, Edson Kenji"]
[Black "Watanabe, Roberto Tadashi"]
[Result "1-0"]
[WhiteElo "2315"]
[BlackElo "2255"]
[PlyCount "139"]
[EventDate "1990.10.05"]
[EventType "tourn"]
[EventRounds "11"]
[EventCountry "BRA"]
[EventCategory "2"]
[SourceTitle "EXT 2002"]
[Source "ChessBase"]
[SourceDate "2001.11.25"]
[SourceVersion "1"]
[SourceVersionDate "2001.11.25"]
[SourceQuality "1"]

1. e4 e6 2. d4 d5 3. Nd2 Nf6 4. e5 Nfd7 5. Bd3 c5 6. c3 Nc6 7. Ne2 cxd4 8. cxd4 f6 9. exf6 Nxf6 10. Nf3 Bd6 11. 0-0 Qb6 12. Nc3 0-0 13. Be3 Bd7 14. Rc1 Be8 15. h3 Bh5 16. g4 Nxg4 17. hxg4 Bxg4 18. Be2 Rf6 19. Ng5 Bxe2 20. Nxe2 Raf8 21. Kg2 h6 22. Nh3 Qxb2 23. Qc2 Qb6 24. Rh1 Ne7 25. Qd3 Ng6 26. Kf1 Qa5 27. Rc2 e5 28. dxe5 Nxe5 29. Qb3 Nc4 30. Rxc4 dxc4 31. Qxc4+ Kh8 32. Nhf4 Bxf4 33. Nxf4 Qa6 34. Qxa6 Rxa6 35. Kg2 Kh7 36. Rb1 Rf7 37. Rb2 b6 38. Ne2 Ra4 39. Nd4 Rd7 40. Nf3 Rc7 41. Nd4 Kg8 42. Re2 Rd7 43. Nb3 Rg4+ 44. Kf3 h5 45. Rc2 Rf7+ 46. Ke2 h4 47. Nd4 h3 48. Rc1 h2 49. Rh1 Rg1 50. Rxh2 Ra1 51. Rh5 Rxa2+ 52. Kd3 Rb7 53. Rd5 a6 54. Rd8+ Kh7 55. Ne6 Kg6 56. Bd4 Ra4 57. Rd6 Rxd4+ 58. Nxd4+ Kg5 59. Ke4 Re7+ 60. Ne6+ Kf6 61. Kd5 Kf5 62. Nd4+ Kf4 63. Rxb6 a5 64. Ra6 g5 65. Rf6+ Kg4 66. Nc6 Rb7 67. Ke4 Rb1 68. Nxa5 Re1+ 69. Kd3 Kh3 70. Nc4 1-0